000 00571nam a2200181 4500
001 117504
003 ES-SlBCS
005 20210327224135.0
008 160210s1932 fr fre
040 _aSpMaBN
_bspa
_cCDM
_dES-SlBCS
100 1 _aSaint-Périer, René de Poilloue de
_997283
245 1 2 _aL'Art Préhistorique
_b: (epoque Paléolithique)
260 _aParis :
_b[Presses Universitaires de France],
_c1932
300 _a76 p., LX lám. ;
_c20 cm
490 0 _aDe la col. "Maîtres de l'Art Ancien"
650 0 4 _aArte Prehistórico
_988421
942 _2lcc
_cBK
999 _c466431
_d466431